000 00267pab a2200109 454500
008 180718b xxu||||| |||| 00| 0 eng d
100 _aWadhva, Kiran
245 _aDesigning a housing subsidy programme
650 _aHousing
773 _aFinancial Express
909 _a21793
999 _c21793
_d21793